| 000 | 01048cam a22002054a 4500 | ||
|---|---|---|---|
| 005 | 20250605164225.0 | ||
| 008 | 250528s ||||||||||||||||||||||||d | ||
| 035 | _a20827 | ||
| 020 | _a9780721605715 | ||
| 040 |
_aGR-AtMCL _bgre _dGR-AtMCL _eAACR2 |
||
| 245 | 1 | _aOrthopedic Physical Assessment / Musculoskeletal Rehabitation Series: Fifth Edition | |
| 250 | _a5th | ||
| 260 |
_bSaunders Elsevier, _c2008 |
||
| 300 | _a1142 | ||
| 520 | _aThis book offers a straightforward, systematic approach to performing neuro musculoskeletal assessment and explains the rationale behind various aspects of the assessment. Principles and Concepts, Head and Face, Cervical Spine, Temporomandibular Joint, Shoulder, Elbow, Forearm and Wrist and Hand, Thoracic (Dorsal) Spine, Lumbar Spine, Pelvis, Hip, Knee, Lower Leg and Ankle and Foot, Assessment of Gait, Assessment of Posture, Assessment of the Amputee, Primary Care Assessment, Emergency Sports Assessment. | ||
| 700 | 1 |
_aMagee David J _96798 |
|
| 942 | _cBK | ||
| 999 |
_c5909 _d5909 |
||